<?xml version="1.0" encoding="UTF-8"?>
<record
    xmlns:xsi="http://www.w3.org/2001/XMLSchema-instance"
    xsi:schemaLocation="http://www.loc.gov/MARC21/slim http://www.loc.gov/standards/marcxml/schema/MARC21slim.xsd"
    xmlns="http://www.loc.gov/MARC21/slim">

  <leader>01102nam a2200289 i 4500</leader>
  <controlfield tag="001">12408</controlfield>
  <controlfield tag="003">ES-MaACL</controlfield>
  <controlfield tag="005">20250801101059.0</controlfield>
  <controlfield tag="007">t|</controlfield>
  <controlfield tag="008">960228s1995    sp           |||| |dspa j</controlfield>
  <datafield tag="020" ind1=" " ind2=" ">
    <subfield code="a">84-7100-627-8</subfield>
  </datafield>
  <datafield tag="080" ind1=" " ind2=" ">
    <subfield code="a">929 Viscardo y Guzm&#xE1;n, Juan Pablo</subfield>
  </datafield>
  <datafield tag="080" ind1=" " ind2=" ">
    <subfield code="a">271.5(8=60)"17"</subfield>
  </datafield>
  <datafield tag="100" ind1="1" ind2=" ">
    <subfield code="a">Batllori, Miguel.</subfield>
    <subfield code="9">26460</subfield>
  </datafield>
  <datafield tag="245" ind1="1" ind2="3">
    <subfield code="a">El abate Viscardo </subfield>
    <subfield code="b">: historia y mito de la intervenci&#xF3;n de los jesuitas en la independencia de Hispanoam&#xE9;rica / </subfield>
    <subfield code="c">Miguel Batllori.</subfield>
  </datafield>
  <datafield tag="250" ind1=" " ind2=" ">
    <subfield code="a">Nueva ed.</subfield>
  </datafield>
  <datafield tag="260" ind1=" " ind2=" ">
    <subfield code="a">Madrid : </subfield>
    <subfield code="b">MAPFRE, </subfield>
    <subfield code="c">1995.</subfield>
  </datafield>
  <datafield tag="300" ind1=" " ind2=" ">
    <subfield code="a">393 p. ; </subfield>
    <subfield code="c">23 cm.</subfield>
  </datafield>
  <datafield tag="490" ind1="1" ind2=" ">
    <subfield code="a">Relaciones entre Espa&#xF1;a y Am&#xE9;rica ; </subfield>
    <subfield code="v">24</subfield>
  </datafield>
  <datafield tag="500" ind1=" " ind2=" ">
    <subfield code="a">Incluye reprod. de: Carta dirijida a los espa&#xF1;oles americanos / Juan Pablo Viscardo. Londres : P. Boyle, 1801.</subfield>
  </datafield>
  <datafield tag="600" ind1="1" ind2="4">
    <subfield code="a">Viscardo y Guzm&#xE1;n, Juan Pablo.</subfield>
    <subfield code="9">115478</subfield>
  </datafield>
  <datafield tag="610" ind1="2" ind2="7">
    <subfield code="a">Jesuitas-</subfield>
    <subfield code="z">Am&#xE9;rica espa&#xF1;ola.</subfield>
    <subfield code="9">169003</subfield>
  </datafield>
  <datafield tag="700" ind1="1" ind2=" ">
    <subfield code="a">Viscardo y Guzm&#xE1;n, Juan Pablo.</subfield>
    <subfield code="9">115478</subfield>
  </datafield>
  <datafield tag="830" ind1="0" ind2="0">
    <subfield code="a">Colecci&#xF3;n Relaciones entre Espa&#xF1;a y Am&#xE9;rica</subfield>
    <subfield code="v">24</subfield>
    <subfield code="9">179037</subfield>
  </datafield>
  <datafield tag="852" ind1=" " ind2=" ">
    <subfield code="a">ES-MaACL</subfield>
    <subfield code="j">L-19730</subfield>
  </datafield>
  <datafield tag="999" ind1=" " ind2=" ">
    <subfield code="c">12408</subfield>
    <subfield code="d">12408</subfield>
  </datafield>
  <datafield tag="952" ind1=" " ind2=" ">
    <subfield code="0">0</subfield>
    <subfield code="1">0</subfield>
    <subfield code="4">0</subfield>
    <subfield code="7">0</subfield>
    <subfield code="a">ATENEOM</subfield>
    <subfield code="b">ATENEOM</subfield>
    <subfield code="c">DEPO2</subfield>
    <subfield code="d">2008-01-17</subfield>
    <subfield code="e">SC</subfield>
    <subfield code="l">0</subfield>
    <subfield code="o">L-19730</subfield>
    <subfield code="p">1012643</subfield>
    <subfield code="r">2023-02-23 00:00:00</subfield>
    <subfield code="w">2023-02-23</subfield>
    <subfield code="y">MONOGRAFIA</subfield>
  </datafield>
</record>
